Handbook of practical microcomputer troubleshooting (Record no. 61535)

000 -LEADER
fixed length control field 00457nam a22001697a 4500
003 - CONTROL NUMBER IDENTIFIER
control field NUST-PNEC
005 - DATE AND TIME OF LATEST TRANSACTION
control field 20170116180724.0
008 - FIXED-LENGTH DATA ELEMENTS--GENERAL INFORMATION
fixed length control field 141030b xxu||||| |||| 00| 0 eng d
040 ## - CATALOGING SOURCE
Transcribing agency PNEC
082 ## - DEWEY DECIMAL CLASSIFICATION NUMBER
Classification number 621.38195 LEN
100 ## - MAIN ENTRY--PERSONAL NAME
9 (RLIN) 881
Personal name Lenk, John D.
245 ## - TITLE STATEMENT
Title Handbook of practical microcomputer troubleshooting
Statement of responsibility, etc. John D. Lenk
260 ## - PUBLICATION, DISTRIBUTION, ETC.
Place of publication, distribution, etc. Virgima
Name of publisher, distributor, etc. Reston Publishing Company Inc.
300 ## - PHYSICAL DESCRIPTION
Extent 323 p. :
Dimensions 29 cm.
650 ## - SUBJECT ADDED ENTRY--TOPICAL TERM
General subdivision EL
942 ## - ADDED ENTRY ELEMENTS (KOHA)
Source of classification or shelving scheme
Koha item type Book
Holdings
Withdrawn status Lost status Source of classification or shelving scheme Damaged status Not for loan Permanent Location Current Location Shelving location Date acquired Source of acquisition Cost, normal purchase price Total Checkouts Full call number Barcode Date last seen Cost, replacement price Price effective from Koha item type
          Pakistan Navy Engineering College (PNEC) Pakistan Navy Engineering College (PNEC) Reference 02/08/1996 Khalid book stall 170.00   621.38195 LEN PNECLIB-018481 10/30/2014 170.00 02/08/1996 Book
© 2023 Central Library, National University of Sciences and Technology. All Rights Reserved.